[Event "Marianske Lazne IM-B1 22nd"]
[Site "Marianske Lazne"]
[Date "2024.01.15"]
[Round "3"]
[White "Dobrowolski, Piotr"]
[Black "Hak, David"]
[Result "1-0"]
[WhiteElo "2401"]
[BlackElo "2310"]
[PlyCount "157"]
[EventDate "2024.01.13"]
[EventType "tourn"]
[EventRounds "9"]
[EventCountry "CZE"]
[EventCategory "1"]
[SourceTitle "CB04_2024"]
[SourceDate "2023.10.16"]
[SourceVersion "1"]
[SourceVersionDate "2023.10.16"]
[SourceQuality "1"]

1. e4 c5 2. Nf3 Nc6 3. d4 cxd4 4. Nxd4 g6 5. Nc3 Bg7 6. Be3 Nf6 7. Nb3 0-0 8. Qd2 d6 9. f3 Be6 10. 0-0-0 a5 11. a4 Nd7 12. Nd5 Bxd5 13. exd5 Nce5 14. Bh6 Bxh6 15. Qxh6 Qc7 16. Rd4 Rfc8 17. c3 Nf6 18. h4 Ned7 19. h5 Nc5 20. Nd2 Qd8 21. hxg6 fxg6 22. g4 Qf8 23. Qe3 Qf7 24. g5 Nh5 25. Bh3 Ng3 26. Rh2 Nf5 27. Bxf5 gxf5 28. Rdh4 Qxd5 29. Qxe7 Qf7 30. Qxd6 Ra6 31. Qd4 Ne6 32. Qd5 Rd8 33. Qb3 Nf8 34. Qxf7+ Kxf7 35. Nc4 Re8 36. Rh6 Re1+ 37. Kd2 Rg1 38. Rxa6 bxa6 39. Nxa5 Rxg5 40. Nc6 Rg3 41. b4 Kg6 42. Nd4 Rg1 43. a5 Nd7 44. Ne2 Rf1 45. Nf4+ Kg5 46. Ne6+ Kg6 47. Ke2 Rc1 48. Kd2 Ra1 49. Ke3 Re1+ 50. Re2 Rd1 51. Nf4+ Kf6 52. Rd2 Rxd2 53. Kxd2 Ke5 54. Ke3 Nb8 55. c4 Nc6 56. Nd3+ Kf6 57. f4 h6 58. Kf2 Ke7 59. Kg3 Kf6 60. Kh4 Kg7 61. Kh5 Kh7 62. b5 axb5 63. cxb5 Nxa5 64. b6 Nb7 65. Ne5 Kg7 66. Nf3 Kf6 67. Nd4 Ke7 68. Nxf5+ Kd7 69. Nd4 Kd6 70. f5 Ke5 71. Kg6 Kd6 72. f6 Nd8 73. Kg7 h5 74. b7 Kc7 75. b8Q+ Kxb8 76. Nc6+ Nxc6 77. f7 Kc7 78. f8Q Nd8 79. Qc5+ 1-0

[Event "Marianske Lazne IM-B1 22nd"]
[Site "Marianske Lazne"]
[Date "2024.01.14"]
[Round "2"]
[White "Hak, David"]
[Black "Lima, Stefan Moisei Vieir"]
[Result "1/2-1/2"]
[WhiteElo "2310"]
[BlackElo "2173"]
[PlyCount "143"]
[EventDate "2024.01.13"]
[EventType "tourn"]
[EventRounds "9"]
[EventCountry "CZE"]
[EventCategory "1"]
[SourceTitle "CB04_2024"]
[SourceDate "2023.10.16"]
[SourceVersion "1"]
[SourceVersionDate "2023.10.16"]
[SourceQuality "1"]

1. e4 e5 2. Nf3 Nc6 3. d4 exd4 4. Nxd4 Nf6 5. Nxc6 bxc6 6. e5 Qe7 7. Qe2 Nd5 8. h4 Qe6 9. g3 d6 10. exd6 Bxd6 11. Bd2 Rb8 12. c4 Nb4 13. Kd1 c5 14. Nc3 0-0 15. Qxe6 Bxe6 16. Nb5 Be5 17. Kc1 a6 18. Bc3 Bxc4 19. Bxc4 axb5 20. Bxe5 bxc4 21. Bxc7 Rb7 22. Bf4 Nd3+ 23. Kc2 Rxb2+ 24. Kc3 Rxf2 25. Bd6 Rd8 26. Rhb1 f5 27. Rb8 Rxb8 28. Bxb8 Nb4 29. Kxc4 Nxa2 30. Bd6 Rd2 31. Bxc5 Rc2+ 32. Kd5 Kf7 33. Bd6 Kg6 34. Bf4 Nc3+ 35. Ke5 Re2+ 36. Kd4 Ne4 37. Ra6+ Nf6 38. Kd3 Re1 39. Kd2 Re7 40. Kd3 Kh5 41. Bg5 Rd7+ 42. Ke3 Ne4 43. Kf4 Rd4 44. Kxf5 Nxg3+ 45. Ke6 h6 46. Be7 Re4+ 47. Kf7 g6 48. Bd8 Rf4+ 49. Ke6 Rb4 50. Kf7 Rb7+ 51. Ke6 Nf5 52. Ra4 Rb8 53. Bf6 Rb6+ 54. Ke5 Nd6 55. Kf4 Rb5 56. Kg3 Nf5+ 57. Kh3 Rb3+ 58. Kh2 Ne3 59. Bd8 Rc3 60. Ra5+ Kg4 61. Ra6 Kf3 62. Rf6+ Nf5 63. Rxg6 Rc2+ 64. Kh3 Rc1 65. Kh2 Rd1 66. Ba5 Rd4 67. Rf6 Rxh4+ 68. Kg1 Rg4+ 69. Kh1 Rf4 70. Kg1 Kg4 71. Bd2 Ra4 72. Bxh6 1/2-1/2

[Event "Marianske Lazne IM-B1 22nd"]
[Site "Marianske Lazne"]
[Date "2024.01.13"]
[Round "1"]
[White "Ni, Viktorija"]
[Black "Hak, David"]
[Result "1-0"]
[WhiteElo "2138"]
[BlackElo "2310"]
[PlyCount "85"]
[EventDate "2024.01.13"]
[EventType "tourn"]
[EventRounds "9"]
[EventCountry "CZE"]
[EventCategory "1"]
[SourceTitle "CB04_2024"]
[SourceDate "2023.10.16"]
[SourceVersion "1"]
[SourceVersionDate "2023.10.16"]
[SourceQuality "1"]

1. d4 Nf6 2. Bg5 e6 3. e4 h6 4. Bxf6 Qxf6 5. c3 e5 6. Nf3 Nc6 7. Bd3 exd4 8. e5 Qf4 9. 0-0 Bc5 10. b4 Bb6 11. b5 Ne7 12. c4 d5 13. exd6 Qxd6 14. Nbd2 Bg4 15. a4 Ba5 16. c5 Qf4 17. Qc2 0-0 18. h3 Bxf3 19. Nxf3 Bc3 20. Ra3 Nd5 21. Be4 Nb4 22. Qb1 Rfe8 23. Bxb7 Rab8 24. c6 Qd6 25. a5 Nxc6 26. Rxc3 Nxa5 27. Rc6 Qf4 28. Rd1 Red8 29. Qd3 Nxb7 30. g3 Nc5 31. Rxc5 Qd6 32. Qc4 Qf6 33. Kg2 Rd7 34. Rxd4 Rxd4 35. Qxd4 Qe7 36. Rd5 Re8 37. Rd7 Qe2 38. Qd5 Re6 39. Rd8+ Kh7 40. Qf5+ Rg6 41. Nh4 Qe7 42. Rd5 Qxh4 43. Qxg6+ 1-0

[Event "Ceske Budejovice op-A"]
[Site "Ceske Budejovice"]
[Date "2023.07.09"]
[Round "9"]
[White "Hak, David"]
[Black "Simek, Petr1111"]
[Result "0-1"]
[WhiteElo "2203"]
[BlackElo "2365"]
[PlyCount "62"]
[EventDate "2023.07.01"]
[EventType "swiss"]
[EventRounds "9"]
[EventCountry "CZE"]
[SourceTitle "CBM 215 Extra"]
[Source "ChessBase"]
[SourceDate "2023.09.30"]
[SourceVersion "1"]
[SourceVersionDate "2023.09.30"]
[SourceQuality "1"]

1. e4 c5 2. Nf3 d6 3. d4 cxd4 4. Nxd4 Nf6 5. Nc3 a6 6. Be2 e5 7. Nb3 Be7 8. Be3 Be6 9. 0-0 0-0 10. Qd2 Nbd7 11. Rad1 Rc8 12. Kh1 b5 13. f4 Qc7 14. f5 Bc4 15. Bxc4 bxc4 16. Nc1 Qb7 17. N1e2 Rfd8 18. Rf3 Nc5 19. Bxc5 dxc5 20. Qc1 Rxd1+ 21. Nxd1 Nxe4 22. Ne3 Bg5 23. h4 Bh6 24. c3 Rd8 25. Qe1 Qxb2 26. Nxc4 Qc2 27. Ng1 Rd1 28. Ne3 Rxe1 29. Nxc2 Rc1 30. Ne3 Bxe3 31. Rxe3 Nf2+ 0-1

[Event "CZE-ch Amateur"]
[Site "Hluk"]
[Date "2023.05.10"]
[Round "7"]
[White "Hak, David"]
[Black "Holemar, David"]
[Result "1/2-1/2"]
[WhiteElo "2145"]
[BlackElo "2197"]
[PlyCount "163"]
[EventDate "2023.05.06"]
[EventType "swiss"]
[EventRounds "9"]
[EventCountry "CZE"]
[SourceTitle "CBM 214 Extra"]
[Source "ChessBase"]
[SourceDate "2023.07.31"]
[SourceVersion "1"]
[SourceVersionDate "2023.07.31"]
[SourceQuality "1"]

1. d4 g6 2. e4 Bg7 3. Nf3 d6 4. Bc4 a6 5. 0-0 b5 6. Bb3 Bb7 7. Nc3 e6 8. d5 e5 9. a4 b4 10. Na2 a5 11. c3 Nf6 12. cxb4 axb4 13. Re1 c5 14. dxc6 Nxc6 15. Bd5 Nxd5 16. exd5 Ne7 17. Nxb4 Qa5 18. Bd2 Nxd5 19. Nxd5 Qxd5 20. Bb4 Ra6 21. Ra3 Qxd1 22. Rxd1 0-0 23. Bc3 Re8 24. b4 Bc6 25. Rxd6 Rxa4 26. Rxa4 Bxa4 27. Ra6 Bb3 28. h3 Bc4 29. Ra5 f6 30. Nd2 Bd3 31. Rd5 Be2 32. Ne4 Rc8 33. Bd2 f5 34. Nd6 Rb8 35. Bc3 e4 36. Bxg7 Kxg7 37. Rd2 Bd3 38. f3 Kf6 39. fxe4 fxe4 40. Rf2+ Ke5 41. Nf7+ Kd4 42. Ng5 Rxb4 43. Rf7 Rb1+ 44. Kh2 h6 45. Ne6+ Kc3 46. Rc7+ Kd2 47. Rd7 Rb5 48. Kg3 Ke3 49. Rd6 Rf5 50. Rd8 Re5 51. Rd6 Bc4 52. Nf8 Bf7 53. h4 g5 54. Rxh6 gxh4+ 55. Kxh4 Kd2 56. Rd6+ Kc2 57. Nd7 Re7 58. Nc5 e3 59. Nd3 Bc4 60. Ne1+ Kc3 61. Kg3 Rg7+ 62. Kf3 Rf7+ 63. Kxe3 Re7+ 64. Kf4 Rxe1 65. g4 Rf1+ 66. Kg5 Rg1 67. Rf6 Kd4 68. Rf4+ Kd5 69. Kf6 Bd3 70. g5 Rg3 71. Rf2 Ke4 72. Rf5 Ke3 73. Rc5 Kd4 74. Ra5 Rg1 75. Kg7 Ke4 76. Kf6 Kf4 77. Ra4+ Be4 78. Rb4 Ra1 79. g6 Ra6+ 80. Kf7 Ra7+ 81. Kf6 Ra6+ 82. Kf7 1/2-1/2

[Event "CZE-ch Amateur"]
[Site "Hluk"]
[Date "2023.05.10"]
[Round "8"]
[White "Hak, David"]
[Black "Kasperek, Ryszard"]
[Result "1-0"]
[WhiteElo "2145"]
[BlackElo "2065"]
[PlyCount "35"]
[EventDate "2023.05.06"]
[EventType "swiss"]
[EventRounds "9"]
[EventCountry "CZE"]
[SourceTitle "CBM 214 Extra"]
[Source "ChessBase"]
[SourceDate "2023.07.31"]
[SourceVersion "1"]
[SourceVersionDate "2023.07.31"]
[SourceQuality "1"]

1. e4 c5 2. Nf3 e6 3. d4 cxd4 4. Nxd4 a6 5. Nc3 b5 6. Bd3 Bb7 7. 0-0 b4 8. Nce2 Nf6 9. e5 Ng4 10. Bf4 g5 11. Bg3 h5 12. h3 h4 13. hxg4 hxg3 14. Nxg3 d6 15. Qd2 d5 16. Nh5 Be7 17. Ng7+ Kf8 18. Ngxe6+ 1-0

[Event "CZE-ch Amateur"]
[Site "Hluk"]
[Date "2023.05.09"]
[Round "5"]
[White "Hak, David"]
[Black "Sabol, Marian"]
[Result "1-0"]
[WhiteElo "2145"]
[BlackElo "2268"]
[PlyCount "81"]
[EventDate "2023.05.06"]
[EventType "swiss"]
[EventRounds "9"]
[EventCountry "CZE"]
[SourceTitle "CBM 214 Extra"]
[Source "ChessBase"]
[SourceDate "2023.07.31"]
[SourceVersion "1"]
[SourceVersionDate "2023.07.31"]
[SourceQuality "1"]

1. e4 c5 2. Nf3 d6 3. d4 cxd4 4. Nxd4 Nf6 5. Nc3 a6 6. Be2 e6 7. Be3 Qc7 8. g4 h6 9. Qd2 b5 10. a3 Bb7 11. f3 Nbd7 12. 0-0-0 d5 13. exd5 Nxd5 14. Nxd5 Bxd5 15. Rhe1 Be7 16. Nf5 Bf6 17. Qb4 exf5 18. Bf4 Qxf4+ 19. Qxf4 Bg5 20. Qxg5 hxg5 21. Rxd5 Nf6 22. Rxf5 Kf8 23. Rh1 Re8 24. Kd2 Rd8+ 25. Bd3 Rh3 26. Ke2 Nd5 27. Rxg5 f6 28. Rf5 g6 29. Rxd5 Rxd5 30. Bxg6 Ke7 31. Bd3 Rd8 32. Kf2 Kd6 33. Bf1 Rhh8 34. h4 Ke5 35. Bd3 Kf4 36. h5 f5 37. Bxf5 Rd2+ 38. Ke1 Rg2 39. h6 Rd8 40. h7 Rdd2 41. Bd3 1-0

[Event "CZE-ch Amateur"]
[Site "Hluk"]
[Date "2023.05.07"]
[Round "3"]
[White "Hak, David"]
[Black "Babula, Matej"]
[Result "1-0"]
[WhiteElo "2145"]
[BlackElo "1951"]
[PlyCount "112"]
[EventDate "2023.05.06"]
[EventType "swiss"]
[EventRounds "9"]
[EventCountry "CZE"]
[SourceTitle "CBM 214 Extra"]
[Source "ChessBase"]
[SourceDate "2023.07.31"]
[SourceVersion "1"]
[SourceVersionDate "2023.07.31"]
[SourceQuality "1"]

1. d4 Nf6 2. c4 e6 3. Nc3 Bb4 4. e3 b6 5. Nge2 Ne4 6. Qc2 Nxc3 7. Nxc3 Bxc3+ 8. Qxc3 Bb7 9. f3 0-0 10. Qc2 d6 11. Bd3 h6 12. 0-0 c5 13. dxc5 dxc5 14. b3 Nc6 15. Bb2 Qg5 16. f4 Qe7 17. Qc3 f6 18. Rae1 e5 19. Be4 Rfe8 20. Qd2 Rad8 21. Qf2 Nb4 22. Bg6 Rf8 23. Rd1 e4 24. Bc3 Rxd1 25. Rxd1 Rd8 26. Rxd8+ Qxd8 27. Bxb4 cxb4 28. Qc2 Qd7 29. Bxe4 Bxe4 30. Qxe4 Qd1+ 31. Kf2 Qd2+ 32. Kf3 Qxa2 33. Qe8+ Kh7 34. Qe4+ Kg8 35. Qd5+ Kh8 36. Qd8+ Kh7 37. Qd3+ Kh8 38. Qd8+ Kh7 39. Qd3+ Kh8 40. e4 Qb2 41. h4 a5 42. g3 a4 43. bxa4 Qa3 44. Ke3 Qxa4 45. e5 fxe5 46. fxe5 b3 47. e6 b2 48. e7 b1Q 49. Qxb1 Qa3+ 50. Kd2 Qxe7 51. Qxb6 Qd7+ 52. Kc3 Qg4 53. Qd8+ Kh7 54. Qd3+ Kg8 55. Kb4 Kf7 56. Kb5 h5 1-0

[Event "CZE-chT2A 2223"]
[Site "Czech Republic"]
[Date "2023.02.05"]
[Round "8.5"]
[White "Simek, Petr"]
[Black "Hak, David"]
[Result "0-1"]
[WhiteElo "2228"]
[BlackElo "2207"]
[PlyCount "76"]
[EventDate "2022.10.16"]
[EventType "team-tourn"]
[EventRounds "11"]
[EventCountry "CZE"]
[SourceTitle "EXT 2024"]
[Source "ChessBase"]
[SourceDate "2023.10.10"]
[SourceVersion "1"]
[SourceVersionDate "2023.10.10"]
[SourceQuality "1"]
[WhiteTeam "Budejovice"]
[BlackTeam "Tabor"]
[WhiteTeamCountry "CZE"]
[BlackTeamCountry "CZE"]

1. e4 c5 2. c3 d5 3. exd5 Qxd5 4. Nf3 e5 5. Na3 Nc6 6. Bc4 Qe4+ 7. Be2 Bf5 8. 0-0 Qd5 9. Nc4 e4 10. Re1 Be7 11. Qa4 exf3 12. Bxf3 Qd8 13. d4 cxd4 14. cxd4 Kf8 15. d5 Nd4 16. Qd1 Nc2 17. Re5 Nxa1 18. d6 Be6 19. dxe7+ Nxe7 20. Nd6 Nc8 21. Be3 Nxd6 22. Bc5 Ke7 23. Qd4 Rc8 24. Rxe6+ Kxe6 25. Qd5+ Ke7 26. Qe5+ Kf8 27. Bxd6+ Kg8 28. g3 Qf6 29. Bxb7 Qxe5 30. Bxe5 Re8 31. Bc3 h5 32. Kf1 h4 33. b3 Nc2 34. Ba6 h3 35. Bd3 Rh6 36. Bxc2 Rc6 37. Bf5 Rxc3 38. Bxh3 Rc2 0-1

[Event "Prague op 21st"]
[Site "Prague"]
[Date "2023.01.12"]
[Round "8"]
[White "Hak, David"]
[Black "Neuman, Petr"]
[Result "0-1"]
[WhiteElo "2095"]
[BlackElo "2393"]
[PlyCount "92"]
[EventDate "2023.01.06"]
[EventType "swiss"]
[EventRounds "9"]
[EventCountry "CZE"]
[SourceTitle "CBM 212 Extra"]
[Source "ChessBase"]
[SourceDate "2023.03.31"]
[SourceVersion "1"]
[SourceVersionDate "2023.03.31"]
[SourceQuality "1"]

1. d4 g6 2. c4 Bg7 3. Nc3 d6 4. Nf3 Nf6 5. e4 0-0 6. Be2 e5 7. 0-0 Nh5 8. d5 Nf4 9. Ne1 f5 10. Nd3 Nxe2+ 11. Qxe2 f4 12. f3 g5 13. c5 h5 14. cxd6 cxd6 15. Bd2 Nd7 16. a4 Rf7 17. Be1 Bf8 18. Bf2 Rg7 19. Nb5 g4 20. Rfc1 Nf6 21. Bh4 gxf3 22. Qxf3 Bg4 23. Qf1 Be7 24. Bxf6 Bxf6 25. Kh1 a6 26. Na3 Bh4 27. Ne1 Bxe1 28. Rxe1 h4 29. h3 Bh5 30. Rac1 f3 31. gxf3 Rg3 32. Rc3 Qg5 33. Nc4 Rc8 34. f4 exf4 35. e5 Rxc3 36. bxc3 Rxc4 37. exd6 Qxd5+ 38. Qg2+ Qxg2+ 39. Kxg2 Rc8 40. c4 Be8 41. a5 Bc6+ 42. Kf2 Kf8 43. Re6 Kf7 44. Rh6 Bd7 45. Rxh4 Rxc4 46. Rh8 Rd4 0-1

[Event "CZE-ch U16"]
[Site "Luhacovice"]
[Date "2022.03.19"]
[Round "9"]
[White "Hak, David"]
[Black "Soucek, Petr"]
[Result "1/2-1/2"]
[WhiteElo "2132"]
[BlackElo "2194"]
[PlyCount "145"]
[EventDate "2022.03.12"]
[EventType "swiss"]
[EventRounds "9"]
[EventCountry "CZE"]
[SourceTitle "EXT 2023"]
[Source "ChessBase"]
[SourceDate "2022.10.05"]
[SourceVersion "1"]
[SourceVersionDate "2022.10.05"]
[SourceQuality "1"]

1. d4 Nf6 2. c4 c5 3. d5 e6 4. Nc3 exd5 5. cxd5 d6 6. Nf3 g6 7. Bf4 Bg7 8. Qa4+ Bd7 9. Qb3 b5 10. Bxd6 Qb6 11. Be5 0-0 12. e3 b4 13. Nd1 a5 14. a4 Bf5 15. Bc4 Nbd7 16. Bf4 Ne4 17. 0-0 Rad8 18. Rc1 h6 19. Bd3 g5 20. Bg3 Ndf6 21. Bxe4 Bxe4 22. d6 Bd5 23. Qc2 Ne4 24. Nd2 Nxg3 25. hxg3 Rxd6 26. Qxc5 Qxc5 27. Rxc5 Rfd8 28. Rc1 f5 29. b3 Bxg2 30. Kxg2 Rxd2 31. e4 fxe4 32. Ne3 Bc3 33. Nf5 Kh7 34. Rh1 Kg6 35. g4 R8d3 36. Rxh6+ Kf7 37. Ng3 e3 38. Ne4 Rb2 39. Rh3 Kg6 40. Rf3 Re2 41. Rf5 exf2 42. Rxg5+ Kf7 43. Rf5+ Ke7 44. Nxf2 Rdd2 45. Rf1 Rb2 46. Kf3 Bd4 47. Nd1 Rbd2 48. Rxa5 Re6 49. Nf2 Bxf2 50. Rxf2 Rf6+ 51. Rf5 Rxf5+ 52. gxf5 Rd3+ 53. Ke4 Rxb3 54. Rc2 Ra3 55. Rc7+ Ke8 56. Ra7 Ra1 57. Kd3 Rf1 58. Ra5 Rf3+ 59. Kc2 Kd7 60. Rb5 Kc6 61. Kb2 Kc7 62. a5 Kd7 63. Rb7+ Kc6 64. Rb6+ Kc7 65. Rf6 Kb7 66. Kc2 Ka7 67. Kb2 Kb7 68. Rb6+ Ka7 69. Rf6 Kb7 70. a6+ Ka7 71. Kc2 Rc3+ 72. Kd2 Rc5 73. Rd6 1/2-1/2

[Event "CZE-ch U16"]
[Site "Luhacovice"]
[Date "2022.03.18"]
[Round "8"]
[White "Hak, David"]
[Black "Smolik, Jachym"]
[Result "1-0"]
[WhiteElo "2132"]
[BlackElo "2277"]
[PlyCount "57"]
[EventDate "2022.03.12"]
[EventType "swiss"]
[EventRounds "9"]
[EventCountry "CZE"]
[SourceTitle "EXT 2023"]
[Source "ChessBase"]
[SourceDate "2022.10.05"]
[SourceVersion "1"]
[SourceVersionDate "2022.10.05"]
[SourceQuality "1"]

1. e4 c6 2. Nc3 d5 3. Nf3 dxe4 4. Nxe4 Nf6 5. Nxf6+ exf6 6. d4 Bd6 7. Bd3 0-0 8. 0-0 Bg4 9. Be3 Nd7 10. c4 Re8 11. h3 Bh5 12. Bf5 Nf8 13. d5 c5 14. b4 b6 15. bxc5 bxc5 16. Rb1 Nd7 17. Rb7 Nb6 18. Bxh7+ Kf8 19. Ng5 Qc8 20. Qxh5 Qxb7 21. Bf5 Nxc4 22. Qh8+ Ke7 23. Qxg7 Rf8 24. Ne4 Qxd5 25. Qxf6+ Ke8 26. Bg5 Rg8 27. Nxd6+ Qxd6 28. Re1+ Kf8 29. Bh6+ 1-0

[Event "CZE-ch U16"]
[Site "Luhacovice"]
[Date "2022.03.12"]
[Round "1"]
[White "Mametev, Artem"]
[Black "Hak, David"]
[Result "1-0"]
[WhiteElo "1848"]
[BlackElo "2132"]
[PlyCount "73"]
[EventDate "2022.03.12"]
[EventType "swiss"]
[EventRounds "9"]
[EventCountry "CZE"]
[SourceTitle "EXT 2023"]
[Source "ChessBase"]
[SourceDate "2022.10.05"]
[SourceVersion "1"]
[SourceVersionDate "2022.10.05"]
[SourceQuality "1"]

1. e4 e6 2. d4 d5 3. Nd2 Nf6 4. e5 Nfd7 5. Bd3 c5 6. c3 Nc6 7. Ne2 cxd4 8. cxd4 f6 9. exf6 Nxf6 10. Nf3 Bd6 11. 0-0 Qc7 12. h3 0-0 13. Be3 Bd7 14. Rc1 Rae8 15. Re1 a6 16. a3 Qb8 17. b4 a5 18. b5 Ne7 19. Qa4 b6 20. Ne5 Bxe5 21. dxe5 Ne4 22. Red1 Nc5 23. Bxc5 bxc5 24. Rxc5 Qxe5 25. Qd4 Qxd4 26. Nxd4 e5 27. Rc7 Rd8 28. Nc6 Nxc6 29. bxc6 Bc8 30. Re7 e4 31. Bb5 Rd6 32. Bc4 Rfd8 33. Rxd5 Rxd5 34. Bxd5+ Rxd5 35. Re8+ Kf7 36. Rxc8 Rc5 37. c7 1-0

[Event "Ceske Budejovice op"]
[Site "Ceske Budejovice"]
[Date "2021.07.06"]
[Round "6"]
[White "Hak, David"]
[Black "Simek, Petr"]
[Result "0-1"]
[WhiteElo "2187"]
[BlackElo "2282"]
[PlyCount "70"]
[EventDate "2021.07.01"]
[EventType "swiss"]
[EventRounds "9"]
[EventCountry "CZE"]
[SourceTitle "CBM 203 Extra"]
[Source "ChessBase"]
[SourceDate "2021.09.30"]
[SourceVersion "1"]
[SourceVersionDate "2021.09.30"]
[SourceQuality "1"]

1. d4 Nf6 2. c4 e6 3. Nc3 Bb4 4. e3 0-0 5. Nge2 c6 6. a3 Ba5 7. b4 Bc7 8. e4 d5 9. e5 Nfd7 10. Nf4 a5 11. Rb1 axb4 12. axb4 c5 13. bxc5 Ba5 14. Bd2 Nc6 15. Nb5 dxc4 16. Bxc4 Nxd4 17. Nd3 Nxb5 18. Bxb5 Qg5 19. Bxa5 Qxg2 20. Kd2 Rxa5 21. Rg1 Qh3 22. Qg4 Qh6+ 23. Kc3 Rd8 24. Qd4 g6 25. Qd6 Ra3+ 26. Kb2 Ra8 27. Rgd1 Qh4 28. Kc2 Nb8 29. Qc7 Nc6 30. Bxc6 Qc4+ 31. Kd2 Rxd3+ 32. Ke1 bxc6 33. Rbc1 Qe4+ 34. Kf1 Rxd1+ 35. Rxd1 Ba6+ 0-1

[Event "Ceske Budejovice op"]
[Site "Ceske Budejovice"]
[Date "2021.07.02"]
[Round "2"]
[White "Mach, Ondrej"]
[Black "Hak, David"]
[Result "1/2-1/2"]
[WhiteElo "1834"]
[BlackElo "2187"]
[PlyCount "177"]
[EventDate "2021.07.01"]
[EventType "swiss"]
[EventRounds "9"]
[EventCountry "CZE"]
[SourceTitle "CBM 203 Extra"]
[Source "ChessBase"]
[SourceDate "2021.09.30"]
[SourceVersion "1"]
[SourceVersionDate "2021.09.30"]
[SourceQuality "1"]

1. d4 Nf6 2. c4 c5 3. d5 b5 4. cxb5 a6 5. bxa6 g6 6. Nc3 Bg7 7. e4 0-0 8. Nf3 d6 9. Bd3 Qa5 10. 0-0 Bxa6 11. Bxa6 Nxa6 12. Qe2 Rfb8 13. Nd2 Nd7 14. Nc4 Qb4 15. a3 Qb3 16. Na5 Qb6 17. Nc6 Re8 18. a4 Nab8 19. Nxb8 Rexb8 20. Nb5 Qa6 21. Ra3 Nb6 22. b3 Rc8 23. Bb2 Bxb2 24. Qxb2 c4 25. Rfa1 cxb3 26. Qxb3 Nc4 27. R3a2 Na5 28. Qd1 Rc4 29. Rc1 Rxc1 30. Qxc1 Nb3 31. Qe3 Qc8 32. h4 Qc4 33. Qc3 Rxa4 34. Rxa4 Qxa4 35. Qc8+ Kg7 36. Qc3+ Kg8 37. Qc8+ Kg7 38. Qc3+ f6 39. Qc7 Qxe4 40. Na7 Qe1+ 41. Kh2 Qe5+ 42. Kg1 Nd4 43. Nc6 Qe1+ 44. Kh2 Nf5 45. Qa7 Qe4 46. g3 h6 47. Kg1 h5 48. Kh2 Kh7 49. Kg1 Qxd5 50. Nxe7 Qf7 51. Nc6 Qxa7 52. Nxa7 g5 53. hxg5 fxg5 54. Kg2 Kg6 55. Kf3 Nd4+ 56. Ke4 h4 57. gxh4 gxh4 58. Kf4 Kh5 59. Nc8 Ne6+ 60. Kf3 d5 61. Ne7 d4 62. Nf5 d3 63. Ke3 Nc5 64. Nd4 Kg4 65. Nf3 Nb3 66. Ne5+ Kh3 67. Nxd3 Kg2 68. f4 h3 69. f5 h2 70. Nf2 Nd4 71. f6 Nf5+ 72. Ke2 Nd6 73. Ke1 Ne4 74. f7 Nxf2 75. f8Q h1Q+ 76. Kd2 Qd1+ 77. Kc3 Qc1+ 78. Kd4 Qd2+ 79. Kc4 Qc2+ 80. Kd5 Qe4+ 81. Kc5 Nd3+ 82. Kb6 Qe6+ 83. Kc7 Ne5 84. Qa8+ Kg3 85. Qa3+ Kg4 86. Qb4+ Kf5 87. Qf8+ Kg6 88. Qd6 Qxd6+ 89. Kxd6 1/2-1/2

[Event "EU Union-ch U14"]
[Site "Kouty nad Desnou"]
[Date "2020.08.20"]
[Round "7"]
[White "Backiel, Hubert"]
[Black "Hak, David"]
[Result "1-0"]
[WhiteElo "1943"]
[BlackElo "2125"]
[PlyCount "87"]
[EventDate "2020.08.14"]
[EventType "swiss"]
[EventRounds "9"]
[EventCountry "CZE"]
[SourceTitle "EXT 2021"]
[Source "ChessBase"]
[SourceDate "2020.10.23"]
[SourceVersion "1"]
[SourceVersionDate "2020.10.23"]
[SourceQuality "1"]

1. e4 e6 2. d4 d5 3. Nc3 Bb4 4. exd5 exd5 5. Bd3 Nf6 6. Nge2 0-0 7. 0-0 c6 8. Ng3 Qc7 9. Nce2 Bd6 10. c3 Nbd7 11. h3 Nb6 12. Bg5 Ne8 13. Qd2 f5 14. Rae1 Bd7 15. Bf4 a5 16. f3 a4 17. Kf2 Qd8 18. Bxd6 Nxd6 19. Qf4 Ne4+ 20. Kg1 g5 21. Qc1 Nxg3 22. Nxg3 f4 23. Nh1 Bf5 24. Bxf5 Rxf5 25. Qc2 Rf7 26. b3 Qf6 27. Nf2 h5 28. Re2 axb3 29. axb3 Qg7 30. Rfe1 Raf8 31. Re6 Qh7 32. Rg6+ Rg7 33. Ree6 Nc8 34. h4 gxh4 35. Nh3 Ne7 36. Rxg7+ Qxg7 37. Qe2 Ra8 38. Qe1 Ra2 39. Nxf4 h3 40. Rxe7 Rxg2+ 41. Kh1 Qg5 42. Qe6+ Kh8 43. Qc8+ Qg8 44. Re8 1-0

[Event "EU Union-ch U14"]
[Site "Kouty nad Desnou"]
[Date "2020.08.15"]
[Round "2"]
[White "Hak, David"]
[Black "Janous, Marek"]
[Result "1-0"]
[WhiteElo "2125"]
[BlackElo "1968"]
[PlyCount "57"]
[EventDate "2020.08.14"]
[EventType "swiss"]
[EventRounds "9"]
[EventCountry "CZE"]
[SourceTitle "EXT 2021"]
[Source "ChessBase"]
[SourceDate "2020.10.23"]
[SourceVersion "1"]
[SourceVersionDate "2020.10.23"]
[SourceQuality "1"]

1. d4 Nf6 2. c4 g6 3. Nc3 Bg7 4. e4 d6 5. Nf3 0-0 6. Be2 e5 7. 0-0 Nc6 8. d5 Ne7 9. Ne1 Nd7 10. Be3 f5 11. f3 f4 12. Bf2 g5 13. a4 h5 14. a5 Kh8 15. Nd3 Nf6 16. c5 Bh6 17. cxd6 cxd6 18. Nb5 g4 19. Bxa7 Qd7 20. Qb3 Ng6 21. Bb6 Ne8 22. Na7 Rg8 23. Rac1 Nh4 24. Ne1 g3 25. Nxc8 gxh2+ 26. Kh1 Rxc8 27. Bb5 Qg7 28. Rxc8 Nxg2 29. Rxe8 1-0

[Event "EU Union-ch U14"]
[Site "Kouty nad Desnou"]
[Date "2020.08.14"]
[Round "1"]
[White "Vilimek, Vit"]
[Black "Hak, David"]
[Result "0-1"]
[WhiteElo "1761"]
[BlackElo "2125"]
[PlyCount "120"]
[EventDate "2020.08.14"]
[EventType "swiss"]
[EventRounds "9"]
[EventCountry "CZE"]
[SourceTitle "EXT 2021"]
[Source "ChessBase"]
[SourceDate "2020.10.23"]
[SourceVersion "1"]
[SourceVersionDate "2020.10.23"]
[SourceQuality "1"]

1. e4 e6 2. Nf3 d5 3. e5 c5 4. b4 b6 5. a3 Ne7 6. c3 a5 7. d4 axb4 8. cxb4 cxb4 9. Bd2 Nbc6 10. Qb3 Ba6 11. Bxa6 Rxa6 12. 0-0 Qa8 13. Rc1 f6 14. Bxb4 Kf7 15. Nbd2 Nf5 16. Bxf8 Rxf8 17. Qb5 Nfe7 18. exf6 gxf6 19. Re1 Rxa3 20. Rxa3 Qxa3 21. Qxb6 Qd6 22. Qb1 Ng6 23. h4 Rg8 24. h5 Nf4 25. Qxh7+ Rg7 26. Qh8 Rxg2+ 27. Kh1 Rg8 28. Qh7+ Rg7 29. Qb1 Nxh5 30. Rg1 Qf4 31. Rxg7+ Nxg7 32. Qb7+ Ne7 33. Qb3 Ngf5 34. Qd3 Qh6+ 35. Kg1 Qg6+ 36. Kh2 Qh5+ 37. Kg1 Qg4+ 38. Kf1 Ng6 39. Nb3 Nf4 40. Qc3 Qg2+ 41. Ke1 Qh1+ 42. Kd2 Kg6 43. Qc8 Qxf3 44. Qe8+ Kg5 45. Qg8+ Ng6 46. Nc5 Qxf2+ 47. Kc1 Qg1+ 48. Kc2 Nxd4+ 49. Kd3 Qd1+ 50. Kc3 Ne2+ 51. Kb4 Qb1+ 52. Ka5 Qa2+ 53. Kb6 Qb2+ 54. Kc7 Qe5+ 55. Kd7 Nd4 56. Qf7 Kf5 57. Qh7 Kg5 58. Qg8 f5 59. Nd3 Qh8 60. Qf7 Qb8 0-1